Horský penzión

Salvato in:
Dettagli Bibliografici
Autore principale: Kuťka, Matej (Autore)
Altri autori: Jakeš, Erik (Relatore della tesi)
Natura: Manoscritto Libro
Lingua:slovacco
Pubblicazione: 2015
Soggetti:
Accesso online:http://is.stuba.sk/zp/portal_zp.pl?podrobnosti=109687
https://opac.crzp.sk/?fn=detailBiblioForm&sid=78283B71680DBAF21B4AD31D22D4
Tags: Aggiungi Tag
Nessun Tag, puoi essere il primo ad aggiungerne!!

MARC

LEADER 00000ntm a22000003a 4500
001 stuzp50858
003 SK-STU
005 20231025103710.6
007 ta
008 150427s2015----xo-----f-mn---000-0-slo-d
040 |a STU  |b slo 
041 0 |a slo 
100 1 |a Kuťka, Matej  |u 010180  |4 aut  |U SvF Stavebná fakulta  |T SvF Katedra konštrukcií pozemných stavieb  |X 67193  |U V180  |Y 18  |7 A000067193 
242 0 1 |a The mountain guest-house  |y eng 
245 1 0 |a Horský penzión 
260 |c 2015 
650 4 |a Horský penzión  |2 slo 
650 4 |a Tatry  |2 slo 
650 4 |a drevený krov  |2 slo 
650 4 |a The mountain gueast-house  |2 eng 
650 4 |a Tatry  |2 eng 
650 4 |a wooden roof  |2 eng 
700 1 |a Jakeš, Erik  |4 ths  |X 2701  |7 A000002701 
856 4 |u http://is.stuba.sk/zp/portal_zp.pl?podrobnosti=109687 
856 4 |u https://opac.crzp.sk/?fn=detailBiblioForm&sid=78283B71680DBAF21B4AD31D22D4 
SQL |a stuzp50858  |b DDP  |c SLO  |d Horský penzión  |e 67193  |f Kuťka, Matej  |g 010180  |h 2701  |i Jakeš, Erik  |j 20150617  |k 8  |l 01  |m http://is.stuba.sk/zp/portal_zp.pl?podrobnosti=109687  |n I-AKP  |o 5.1.4. pozemné stavby